FAO and IBPGR technical guielines for the safe movement of legume germplasm

Đã lưu trong:
书目详细资料
主要作者: IBPGR
格式: 图书
语言:Undetermined
出版: Rome FAO
主题:
标签: 添加标签
没有标签, 成为第一个标记此记录!
Thư viện lưu trữ: Trung tâm Học liệu Trường Đại học Cần Thơ
LEADER 00494nam a2200169Ia 4500
001 CTU_29231
008 210402s9999 xx 000 0 und d
082 |a 333.9534 
082 |b F218 
100 |a IBPGR 
245 0 |a FAO and IBPGR technical guielines for the safe movement of legume germplasm 
245 0 |c IBPGR, FAO 
260 |a Rome 
260 |b FAO 
650 |a plant genetics 
904 |i Nguyễn Quang Điền, 990315 
980 |a Trung tâm Học liệu Trường Đại học Cần Thơ